LDR 00694naa#a2200181#i#450# 001 EN\\bibl\20009 005 20260701082744.3 100 ## _a20260630b2026####ek#y0engy0150####ca 102 ## _aRU 200 1# _aAPPLYING GRAPH THEORY TO SOCIAL CONNECTION ANALYSIS: HOW MATHEMATICS HELPS US UNDERSTAND COMMUNITIES _eConference article/thesis 210 1# _aVoronezh _cFSBE Institution of Higher Education Voronezh State University of Forestry and Technologies named after G.F. Morozov _d2026 215 ## _a4 с. 608 ## _aConference article/thesis _2local 675 ## _aТеория графов. 519.17 _z 700 #1 _aPokachalov _gN. I. 700 #1 _aAvilova _gO. A. 700 #1 _aBuchnev _gS. O. 856 4# _abibl.vgltu.ru _u